Представление документа в формате MARC21

ПолеНазваниеЗначение
  Тип записи a
  Библиографический уровень m
001 Контрольный номер BIBLIOCLUB\0000731193
005 Дата корректировки 20260430154911.5
006 m o d
007 Элементы данных для физической характеристики c|||||||||||||
008 Кодируемые данные s2026 rus o rus d
020 Индекс ISBN __
a ISBN 978-5-394-05938-4
041 Код языка издания 0_
a Код языка текста rus
084 Индекс другой классификации/Индекс ББК __
a Индекс другой классификации/Индекс ББК 65.01я73
b Номер единицы LBC/PL
2 Источник индекса rubbk
100 Автор 1_
a Автор Войтов А. Г.
245 Заглавие 10
a Заглавие Экономическая теория: учебник для вузов
b Продолж. заглавия учебник
c Ответственность А. Г. Войтов
250 Сведения об издании __
a Основные сведения об издании 5-е изд., стер.
260 Выходные данные __
a Место издания Москва
b Издательство Дашков и К°
c Дата издания 2026
300 Физическое описание __
a Объем 390 с.
b Иллюстрации/ тип воспроизводства ил., табл.
490 Серия 1_
a Заглавие серии Учебные издания для вузов
504 Библиография __
a Библиография Библиогр. в кн
653 Ключевые слова 1_
a Ключевые слова Учебник для высшей школы
830 Заголовок добавочной библ.записи на серию - унифицированное заглавие _0
a Унифицированное заглавие Учебные издания для вузов
856 Электронный адрес документа 40
3 Область применения данных поля Университетская библиотека ONLINE
u URL https://biblioclub.ru/index.php?page=book&id=731193
900 Электронные ресурсы __
a Имя электронного ресурса https://img.biblioclub.ru/sm_cover/3a85cc86a56205d32aed02519f4d067286nu2twx3b/cover.jpg